History Quiz

Random History or Politics Quiz

Famous US Sailors Quiz Stats

 Plays Quiz not verified by Sporcle

Score 0/24 Timer 06:00
0 Plays Today
Hint Sailor % Correct
First man to walk on the moonNeil Armstrong
95.6%
One of four US Presidents to be assassinatedJohn F. Kennedy
94.1%
Former US President and director of the CIAGeorge H.W. Bush
92.6%
Rapper known for his hit song 'U Can't Touch This'MC Hammer
85.3%
Former host of The Tonight ShowJohnny Carson
85.3%
Former US President and national championship football player at MichiganGerald Ford
85.3%
Longtime Arizona politician and former US Presidential candidateJohn McCain
85.3%
Actor known for his roles in Casablanca & The African QueenHumphrey Bogart
82.4%
Former host of the Price is RightBob Barker
80.9%
Former professional wrestler and Governor of MinnesotaJesse Ventura
79.4%
Actor known for his roles in Cool Hand Luke & The HustlerPaul Newman
79.4%
Long time talk show host and host of Who Wants to be a MillionaireRegis Philbin
76.5%
Hint Sailor % Correct
Founder of the Church of ScientologyL. Ron Hubbard
70.6%
Mission commander on the ill-fated Apollo 13Jim Lovell
67.6%
Former US President, served as Vice President under another US Navy veteranLyndon B. Johnson
67.6%
Founder of Hustler magazineLarry Flynt
64.7%
13x World Series winning catcher for the NY YankeesYogi Berra
63.2%
Former Olympian & basketball player for the San Antonio SpursDavid Robinson
60.3%
Super Bowl winning QB for the Dallas CowboysRoger Staubach
58.8%
First American to travel into spaceAlan Shepard
50%
World Series champion, HoF pitcher for the Cleveland Indians who quit playing during WWII to serve Bob Feller
38.2%
Comedian known for his role on Chappelle's Show, was the brother of another famous comedianCharlie Murphy
38.2%
Served as Secretary of Defense (twice)Donald Rumsfeld
38.2%
Talk show host that began his career in the Marine Corps prior to attending the Naval AcademyMontel Williams
13.2%

You're not logged in!

Compare scores with friends on all Sporcle quizzes.
OR
Log In

Show Comments

Extras

Top Quizzes Today


Score Distribution

Your Account Isn't Verified!

In order to create a playlist on Sporcle, you need to verify the email address you used during registration. Go to your Sporcle Settings to finish the process.

Report this User

Report this user for behavior that violates our Community Guidelines.

Details: